Niên giám thống kê quận Ô Môn năm 2007

Gespeichert in:
Bibliographische Detailangaben
Körperschaften: Cục Thống Kê Thành phố Cần Thơ, Phòng thống kê quận Ô Môn
Format: Buch
Sprache:Undetermined
Veröffentlicht: Cần Thơ Cục Thống Kê Thành phố Cần Thơ 2008
Schlagworte:
Tags: Tag hinzufügen
Keine Tags, Fügen Sie den ersten Tag hinzu!
Thư viện lưu trữ: Trung tâm Học liệu Trường Đại học Cần Thơ
LEADER 00795nam a2200217Ia 4500
001 CTU_137788
008 210402s9999 xx 000 0 und d
020 |c 87500 
082 |a 315.9793 
082 |b C506om/2007 
110 |a Cục Thống Kê Thành phố Cần Thơ 
110 |b Phòng thống kê quận Ô Môn 
245 0 |a Niên giám thống kê quận Ô Môn năm 2007 
245 0 |c Cục Thống Kê Thành phố Cần Thơ. Phòng thống kê quận Ô Môn 
260 |a Cần Thơ 
260 |b Cục Thống Kê Thành phố Cần Thơ 
260 |c 2008 
650 |a Statistics,Statistics 
650 |z Vietnam,Can Tho province 
904 |i Huỳnh Mai 
980 |a Trung tâm Học liệu Trường Đại học Cần Thơ